Stony Brook Alumni - Statistics

General Stats
  • This quiz has been taken 5 times
  • The average score is 3 of 5
Answer Stats
Hint Answer % Correct
Actor, "The Pianist" "The Brutalist" "Darjeeling Limited" Adrien Brody
80%
Co-host of "The View" Joy Behar
80%
Peruvian politician, daughter of a former president and former First Lady of Peru Keiko Fujimori
60%
Former All-Star pitcher who played most notably for the Minnesota Twins Joe Nathan
40%
Billionaire, founder and CEO of Shutterstock Jon Oringer
40%
No matching quizzes found
Score Distribution
Percent of People with Each Score
Percentile by Number Answered
Your Score History
You have not taken this quiz